| 000 | 00561nam a2200193 a 4500 | ||
|---|---|---|---|
| 001 | 1769948270882 | ||
| 003 | YourLibrary | ||
| 005 | 20260201175204.0 | ||
| 008 | 260201s2002##################000#0#eng## | ||
| 020 | _a9783790815214 | ||
| 082 | 0 | 4 |
_a330.947 _bWES |
| 100 | 1 |
_aWesternhagen, Natalja von, _eauthor. |
|
| 245 | 1 | 0 | _aSystemic Transformation, Trade and Economic Growth : |
| 260 |
_bSpringer Science & Business Media, _c2002. |
||
| 300 | _a308 pages | ||
| 650 | 0 | _aBusiness & Economics. | |
| 942 | _cENGLISH | ||
| 040 |
_aYourLibrary _beng _cYourLibrary |
||
| 999 |
_c609978 _d609978 |
||